000 01288cam a2200301 a 4500
999 _c342533
_d342533
001 4453949
003 NUST
005 20180101140934.0
008 951127s1996 cauab 000 1 eng
010 _a 95047243
020 _a0811811409
040 _aDLC
_cDLC
_dOCoLC
_dDLC
050 0 0 _aPR6052.A54
_bV46 1996
082 0 0 _a823.914
_bBAN
100 1 _aBantock, Nick.
_97911
245 1 4 _aThe Venetian's wife :
_ba strangely sensual tale of a Renaissance explorer, a computer, and a metamorphosis /
_cby Nick Bantock.
260 _aSan Francisco :
_bChronicle Books,
_c1996.
300 _a131 p. :
_bcol. ill., col. map ;
_c25 cm.
650 0 _aArt restorers
_xFiction.
_97912
650 0 _aErotic art
_xFiction.
_97913
655 7 _aEpistolary fiction.
_2gsafd
_97914
655 7 _aDiary fiction.
_2lcsh
_97915
856 4 2 _3Publisher description
_uhttp://www.loc.gov/catdir/enhancements/fy0722/95047243-d.html
856 4 2 _3Contributor biographical information
_uhttp://www.loc.gov/catdir/enhancements/fy0738/95047243-b.html
906 _a7
_bcbc
_corignew
_d1
_eocip
_f19
_gy-gencatlg
942 _2ddc
_cBK